Role of microcredit in rice and onion production: a study in selected villages in gopalganj district of bangladesh / (Record no. 17466)
[ view plain ]
| 000 -LEADER | |
|---|---|
| fixed length control field | 01115nam a22002537a 4500 |
| 001 - CONTROL NUMBER | |
| control field | BD-DhSAU 7469 |
| 003 - CONTROL NUMBER IDENTIFIER | |
| control field | BD-DhSAU |
| 005 - DATE AND TIME OF LATEST TRANSACTION | |
| control field | 20240321103729.0 |
| 008 - FIXED-LENGTH DATA ELEMENTS--GENERAL INFORMATION | |
| fixed length control field | 150422b2006 bg ||||| m||m 00| 0 eng d |
| 040 ## - CATALOGING SOURCE | |
| Original cataloging agency | BD-DhSAU |
| 082 ## - DEWEY DECIMAL CLASSIFICATION NUMBER | |
| Edition number | 22 |
| Classification number | 338.1 |
| Item number | M3124 |
| 100 ## - MAIN ENTRY--PERSONAL NAME | |
| Personal name | MANDAL, SABUJ |
| Relator term | Registration No. # 15-06760 |
| 245 ## - TITLE STATEMENT | |
| Title | Role of microcredit in rice and onion production:<br/>a study in selected villages in gopalganj district <br/>of bangladesh / |
| Remainder of title | MS thesis |
| 260 ## - PUBLICATION, DISTRIBUTION, ETC. (IMPRINT) | |
| Place of publication, distribution, etc. | Sher-e- Bangla Agricultural University: |
| Name of publisher, distributor, etc. | Department of Devlopment And Poverty Studies, |
| Date of publication, distribution, etc. | 2022. |
| 300 ## - PHYSICAL DESCRIPTION | |
| Extent | vii, 58p.: |
| Other physical details | 30 cm. |
| 500 ## - GENERAL NOTE | |
| General note | MS thesis of Department of Devlopment And Poverty Studies, Faculty of Agri Business, Sher-e-Bangla Agricultural University, Dhaka, Bangladesh |
| 590 ## - Name of Cataloguer | |
| Name of Cataloger | Namul |
| 650 ## - SUBJECT ADDED ENTRY--TOPICAL TERM | |
| Topical term or geographic name as entry element | microcredit in rice and onion |
| 651 ## - SUBJECT ADDED ENTRY--GEOGRAPHIC NAME | |
| Geographic name | gopalganj district of bangladesh |
| 700 ## - ADDED ENTRY--PERSONAL NAME | |
| Relator term | Superviser |
| Dates associated with a name | Prof. Dr. Ashoke Kumar Ghosh |
| 700 ## - ADDED ENTRY--PERSONAL NAME | |
| Relator term | Co-Superviser |
| Dates associated with a name | Prof. Md. Hayder Khan Sujan |
| 856 ## - ELECTRONIC LOCATION AND ACCESS | |
| Uniform Resource Identifier | <a href="http://archive.saulibrary.edu.bd:8080/xmlui/handle/123456789/5194">http://archive.saulibrary.edu.bd:8080/xmlui/handle/123456789/5194</a> |
| 942 ## - ADDED ENTRY ELEMENTS (KOHA) | |
| Source of classification or shelving scheme | Dewey Decimal Classification |
| Koha item type | MS Level Thesis |
| Withdrawn status | Lost status | Source of classification or shelving scheme | Damaged status | Not for loan | Collection code | Home library | Branch Name | Date acquired | Total Checkouts | Full call number | Barcode | Date last seen | Price effective from | Koha item type |
|---|---|---|---|---|---|---|---|---|---|---|---|---|---|---|
| Dewey Decimal Classification | Not For Loan | Reference | SAU Library | SAU Library | 21/03/2024 | 338.1 M3124 | 45176 | 21/03/2024 | 21/03/2024 | MS Level Thesis |
